KOHA-Header-6

Strategic Transformation and Information Technology (Record no. 6959)

000 -LEADER
fixed length control field 00282nam a2200109Ia 4500
100 ## - MAIN ENTRY--AUTHOR NAME
Personal name Parker,Marilyn M.
245 #0 - TITLE STATEMENT
Title Strategic Transformation and Information Technology
260 ## - PUBLICATION, DISTRIBUTION, ETC. (IMPRINT)
Place of publication USA
Name of publisher Pearson
Year of publication 1996
300 ## - PHYSICAL DESCRIPTION
Number of Pages 606
942 ## - ADDED ENTRY ELEMENTS (KOHA)
Koha item type Books
Holdings
Withdrawn status Lost status Collection code Permanent Location Current Location Shelving location Date acquired Full call number Accession Number Koha item type
    Computer Science MAJU MAJU   2019-09-11 5.445 499 Computer Science

Powered by Koha